000 00677nam a2200241 i 4500
001 bgj
100 1 _aBROOMAN, Josh
245 1 0 _aCommunication and culture /
_cJosh Brooman, Malcolm Chandler ; General Editor: Josh Brooman.
250 _a[2nd impr.].
260 _aHarlow :
_bLongman,
_c1997.
300 _a35 pp :
_bill., photos ;
_c27 cm.
490 1 _aLongman History Project
650 9 _aCommunication
650 9 _aCulture
700 1 _aCHANDLER, Malcolm
830 _aLongman History Project
020 _a0582251591 (pbk)
040 _cBPK
041 0 _aeng
920 _a0-582-25159-1 (pbk)
942 _cKS
008 s uk f |000 0 eng
999 _c50172
_d50172
856 _uhttp://koha.tu.koszalin.pl/cgi-bin/koha/opac-detail.pl?biblionumber=50172
_yKatalog online BPK